| 000 | 01810nam a2200385 cb4500 | ||
|---|---|---|---|
| 001 | BV026953474 | ||
| 003 | DE-604 | ||
| 005 | 20220914165224.0 | ||
| 007 | t | ||
| 008 | 110326s1974 |||| 00||| ger d | ||
| 020 |
_a3421016801 _93-421-01680-1 |
||
| 035 | _a(OCoLC)245834798 | ||
| 035 | _a(DE-599)HBZHT000907452 | ||
| 040 |
_aDE-604 _bger _cRU-10907106 |
||
| 041 | 0 | _ager | |
| 100 | 1 |
_aWilhelm, Hans-Heinrich _eVerfasser _4aut _910183 |
|
| 245 | 1 | 0 |
_aZwei Legenden aus dem Dritten Reich _bDie Prognosen der Abteilung Fremde Heere Ost 1942 - 1945 ; Hat Felix Kersten das Niederländische Volk gerettet? quellenkritische Studien _cvon Hans-Heinrich Wilhelm und Louis de Jong |
| 264 | 1 |
_aStuttgart _bDeutsche Verl.-Anst. _c1974 |
|
| 300 | _a141 Seiten | ||
| 336 |
_aText _btxt _2rdacontent |
||
| 337 |
_aohne Hilfsmittel zu benutzen _bn _2rdamedia |
||
| 338 |
_aBand _bnc _2rdacarrier |
||
| 490 | 0 |
_aSchriftenreihe der Vierteljahrshefte für Zeitgeschichte _v28 |
|
| 600 | 1 | 7 |
_aKersten, Felix _d1898-1960 _0(DE-588)118722034 _2gnd _9rswk-swf |
| 600 | 1 | 7 |
_aGehlen, Reinhard _d1902-1979 _0(DE-588)118538098 _2gnd _9rswk-swf |
| 610 | 2 | 7 |
_aDeutsches Reich _bWehrmacht _bOberkommando _0(DE-588)2035304-2 _2gnd _9rswk-swf |
| 610 | 2 | 7 |
_aDeutschland _bOberkommando des Heeres _0(DE-588)4222755-0 _2gnd _9rswk-swf |
| 648 | 7 |
_aPrognose 1942-1945 _2gnd _9rswk-swf |
|
| 650 | 0 | 7 |
_aDrittes Reich _0(DE-588)4013021-6 _2gnd _9rswk-swf |
| 650 | 0 | 7 |
_aKrieg _0(DE-588)4033114-3 _2gnd _9rswk-swf |
| 651 | 7 |
_aNiederlande _0(DE-588)4042203-3 _2gnd _9rswk-swf |
|
| 700 | 1 |
_aJong, Louis de _d1914-2005 _eVerfasser _0(DE-588)119099926 _4aut _914636 |
|
| 942 |
_2z _cMG |
||
| 999 |
_c56854 _d56854 |
||
| 520 | _aEnth.: Die Prognosen der Abteilung Fremde Heere Ost 1942 - 1945 / Hans-Heinrich Wilhelm. Hat Felix Kersten das Niederländische Volk gerettet? / Louis de Jong | ||